| 000 | nam a22 7a 4500 | ||
|---|---|---|---|
| 999 |
_c329031 _d329031 |
||
| 003 | Nust | ||
| 005 | 20170420165026.0 | ||
| 008 | 170420b xxu||||| |||| 00| 0 eng d | ||
| 040 | _cDLC | ||
| 082 | _a909.04297 ABD | ||
| 100 | _aعلامہ عبدالرحمن ابن خلدون | ||
| 245 | _a 6 تاریخ ابن خلدون جلد | ||
| 260 |
_aLahore : _b Alfaisal , |
||
| 300 | _a1013p. : | ||
| 942 |
_2ddc _cBK |
||